00231nam a2200097Ia 4500008004100000100000900041245003000050260002900080942000700109999001700116190216s9999||||xx |||||||||||||| ||und|| aNull 0aHindi-Manga Puli Ki Sothi bMac Millian And Com. Ltd cBK c17880d17880